000
00288nam a22001097a 4500
082
_a
030
_b
MOR-I-19
100
_a
MOREHEAD, ALBERT H
245
_a
ILLUSTRATED WORLD ENCYCLOPEDIA
260
_a
NEW YORK
_b
THE NATIONAL LEXICOGRAPHIC BOARD
650
_a
GENERAL KNOWLEDGE
_z
AMERICA
942
_c
BK
999
_c
2889
_d
2889